<?xml version="1.0" encoding="UTF-8"?>
<record
    xmlns:xsi="http://www.w3.org/2001/XMLSchema-instance"
    xsi:schemaLocation="http://www.loc.gov/MARC21/slim http://www.loc.gov/standards/marcxml/schema/MARC21slim.xsd"
    xmlns="http://www.loc.gov/MARC21/slim">

  <leader>00529nam a22001810  4500</leader>
  <controlfield tag="003">PILC</controlfield>
  <controlfield tag="005">20150921080808.0</controlfield>
  <controlfield tag="008">951219s1986                             </controlfield>
  <datafield tag="050" ind1=" " ind2=" ">
    <subfield code="a">QA 533 </subfield>
    <subfield code="b">.Ad19 1994</subfield>
  </datafield>
  <datafield tag="100" ind1="1" ind2=" ">
    <subfield code="a">Adanza, Estela Galicano.</subfield>
  </datafield>
  <datafield tag="245" ind1="1" ind2="0">
    <subfield code="a">Plane trigonometry /</subfield>
    <subfield code="c">Estela Galicano-Adanza, Roberto N. Padua.</subfield>
  </datafield>
  <datafield tag="260" ind1=" " ind2=" ">
    <subfield code="a">Manila :</subfield>
    <subfield code="b">Rex Book Store,</subfield>
    <subfield code="c">1986.</subfield>
  </datafield>
  <datafield tag="300" ind1=" " ind2=" ">
    <subfield code="a">viii, 237 pages ;</subfield>
    <subfield code="c">25 cm.</subfield>
  </datafield>
  <datafield tag="500" ind1=" " ind2=" ">
    <subfield code="a">Includes index.</subfield>
  </datafield>
  <datafield tag="650" ind1=" " ind2=" ">
    <subfield code="a">Trigonometry.</subfield>
  </datafield>
  <datafield tag="700" ind1="1" ind2=" ">
    <subfield code="a">Padua, Roberto N.</subfield>
  </datafield>
  <datafield tag="942" ind1=" " ind2=" ">
    <subfield code="2">lcc</subfield>
    <subfield code="c">BK</subfield>
    <subfield code="k">FIL</subfield>
  </datafield>
  <datafield tag="999" ind1=" " ind2=" ">
    <subfield code="c">288694</subfield>
    <subfield code="d">288694</subfield>
  </datafield>
  <datafield tag="952" ind1=" " ind2=" ">
    <subfield code="0">0</subfield>
    <subfield code="1">0</subfield>
    <subfield code="2">lcc</subfield>
    <subfield code="4">0</subfield>
    <subfield code="a">CL</subfield>
    <subfield code="b">CL</subfield>
    <subfield code="c">FIL</subfield>
    <subfield code="d">2015-09-21</subfield>
    <subfield code="e">DONATION</subfield>
    <subfield code="k">FIL</subfield>
    <subfield code="l">0</subfield>
    <subfield code="o">QA 533  .Ad19 1994</subfield>
    <subfield code="p">C20029</subfield>
    <subfield code="r">2018-05-08 00:00:00</subfield>
    <subfield code="w">2015-09-21</subfield>
    <subfield code="y">BK</subfield>
  </datafield>
</record>
